Normal view MARC view

Entry Personal Name

Number of records used in: 1

001 - CONTROL NUMBER

  • control field: 680921

003 - CONTROL NUMBER IDENTIFIER

  • control field: OSt

005 - DATE AND TIME OF LATEST TRANSACTION

  • control field: 20221006170017.0

008 - FIXED-LENGTH DATA ELEMENTS

  • fixed length control field: 221006|| aca||aabn | a|a d

040 ## - CATALOGING SOURCE

  • Original cataloging agency: OSt
  • Transcribing agency: OSt

100 ## - HEADING--PERSONAL NAME

  • Personal name: Joshi Renu Au

670 ## - SOURCE DATA FOUND

  • Source citation: Work cat.: (OSt)1122722: Joshi Renu Au., Sangeet Shikshan Evam Kalakar Bante Samay Drishthiheen Shiksharthiyo Ke Saamne Aane Wali Chunautiya, 2003
Copyright @ Delhi University Library System